<?xml version="1.0" encoding="UTF-8"?>
<collection xmlns="http://www.loc.gov/MARC21/slim">
  <record>
    <leader>00000nam  2200000   4500</leader>
    <controlfield tag="001">INLIS000000000051727</controlfield>
    <controlfield tag="005">20171030125855</controlfield>
    <datafield tag="035" ind1="#" ind2="#">
      <subfield code="a">0010-1017000166</subfield>
    </datafield>
    <controlfield tag="007">ta</controlfield>
    <controlfield tag="008">171030###########################0######</controlfield>
    <datafield tag="082" ind1="#" ind2="#">
      <subfield code="a">2x3.9</subfield>
    </datafield>
    <datafield tag="084" ind1="#" ind2="#">
      <subfield code="a">2x3.9 Sya  k</subfield>
    </datafield>
    <datafield tag="100" ind1=" " ind2="#">
      <subfield code="a">Syari'ati, Ali</subfield>
    </datafield>
    <datafield tag="245" ind1="1" ind2="#">
      <subfield code="a">Kritik Islam Atas Marxisme dan Sesat -Pikir Barat Lainnya /</subfield>
      <subfield code="c">Ali Syari'ati</subfield>
    </datafield>
    <datafield tag="260" ind1="#" ind2="#">
      <subfield code="a">Bandung :</subfield>
      <subfield code="b">Mizan,</subfield>
      <subfield code="c">1993</subfield>
    </datafield>
    <datafield tag="300" ind1="#" ind2="#">
      <subfield code="a">225 hlm ;</subfield>
      <subfield code="c">12 cm</subfield>
    </datafield>
    <datafield tag="990" ind1="#" ind2="#">
      <subfield code="a">1291212912</subfield>
    </datafield>
    <datafield tag="990" ind1="#" ind2="#">
      <subfield code="a">89.303/Pro-95</subfield>
    </datafield>
  </record>
</collection>
